[Event "Euskadi-chT (Vasca) Div Honor"]
[Site "Bergara"]
[Date "2015.01.10"]
[Round "1.4"]
[White "Arnaez Gil, Juan Ignacio"]
[Black "Sarralde Osua, Diego"]
[Result "1/2-1/2"]
[WhiteElo "2192"]
[BlackElo "2110"]
[PlyCount "139"]
[EventDate "2015.01.10"]
[EventType "team-tourn"]
[EventRounds "9"]
[EventCountry "ESP"]
[SourceTitle "EXT 2024"]
[Source "ChessBase"]
[SourceDate "2023.10.10"]
[SourceVersion "1"]
[SourceVersionDate "2023.10.10"]
[SourceQuality "1"]

1. c4 Nf6 2. Nf3 d6 3. d4 Nbd7 4. g3 e5 5. Bg2 g6 6. 0-0 Bg7 7. Nc3 0-0 8. e4 Re8 9. h3 c6 10. Be3 a5 11. Qc2 a4 12. Rad1 Qa5 13. d5 Bf8 14. Nd2 a3 15. b3 Nc5 16. f4 exf4 17. gxf4 Bh6 18. Bd4 Bg7 19. Ndb1 cxd5 20. cxd5 Na6 21. Qf2 Nh5 22. e5 Bf5 23. Rfe1 Bh6 24. Ne2 Bxb1 25. Rxb1 Qd2 26. Qf3 Nxf4 27. Bc3 Nxe2+ 28. Rxe2 Qf4 29. exd6 Rxe2 30. Qxe2 Qxd6 31. Kh1 Bg7 32. Bxg7 Kxg7 33. Qb5 Rb8 34. b4 Nc7 35. Qd3 Rd8 36. Rc1 Ne8 37. Qxa3 Qe5 38. Qc3 Qxc3 39. Rxc3 f5 40. a4 Kf6 41. a5 Ra8 42. Re3 Rd8 43. Re6+ Kf7 44. Rb6 Nd6 45. a6 bxa6 46. Rxa6 Ke7 47. Bf1 Rb8 48. Ra4 Kf6 49. Kg1 Ke5 50. Bg2 Rb7 51. Kf2 Ne4+ 52. Bxe4 fxe4 53. d6 Kd5 54. Ra6 Kc4 55. Rc6+ Kxb4 56. Rc7 Rb6 57. Rxh7 Rxd6 58. Rc7 Kb5 59. Kg3 Rc6 60. Rd7 Kc5 61. Kf4 Rd6 62. Re7 Kd5 63. Re5+ Kd4 64. Re7 Kd5 65. Re5+ Kd4 66. Re7 Kd3 67. Rxe4 Kd2 68. Re7 Kd1 69. Kg5 Rd3 70. Kxg6 1/2-1/2

[Event "Euskadi-chT (Vasca) Div 1st"]
[Site "Bergara"]
[Date "2011.01.15"]
[Round "2.1"]
[White "Arnaez Gil, Juan Ignacio"]
[Black "Huerga Leache, Mikel"]
[Result "1/2-1/2"]
[WhiteElo "2217"]
[BlackElo "2440"]
[PlyCount "119"]
[EventDate "2011.01.08"]
[EventType "team-tourn"]
[EventRounds "9"]
[EventCountry "ESP"]
[SourceTitle "EXT 2024"]
[Source "ChessBase"]
[SourceDate "2023.10.10"]
[SourceVersion "1"]
[SourceVersionDate "2023.10.10"]
[SourceQuality "1"]

1. Nf3 d5 2. d4 Nf6 3. c4 c6 4. Nc3 a6 5. c5 Nbd7 6. Bf4 Nh5 7. Bg5 h6 8. Bd2 Nhf6 9. Bf4 g5 10. Bg3 Bg7 11. e3 Nh5 12. Bd3 Nxg3 13. hxg3 e5 14. Nxe5 Nxe5 15. dxe5 Bxe5 16. 0-0 Bxc3 17. bxc3 Qa5 18. e4 dxe4 19. Bxe4 Qxc5 20. Qf3 Be6 21. Qf6 Kd7 22. Rfd1+ Kc7 23. Rd4 h5 24. Rad1 Rac8 25. Bg6 Rce8 26. Bc2 Kb8 27. Bb3 Ka7 28. Bxe6 fxe6 29. Rd7 Rhf8 30. Qg7 Qxf2+ 31. Kh1 Qb2 32. Rxb7+ Qxb7 33. Rd7 Rf1+ 34. Kh2 Rb1 35. Rxb7+ Rxb7 36. Qxg5 e5 37. Qxh5 Ree7 38. Qe2 e4 39. Qe3+ Kb8 40. g4 Rbd7 41. g5 Kb7 42. g6 Re6 43. Qh3 Ree7 44. Qe3 Re6 45. Qh3 Rde7 46. Qg4 e3 47. g7 e2 48. Qxe2 Rh6+ 49. Kg1 Rxg7 50. Qc4 Rh5 51. a4 Rhg5 52. Qb4+ Ka7 53. a5 Rxg2+ 54. Kf1 Rg1+ 55. Kf2 R1g2+ 56. Kf1 Rg1+ 57. Kf2 R7g2+ 58. Kf3 Rg3+ 59. Kf2 R3g2+ 60. Kf3 1/2-1/2

[Event "Euskadi-chT (Vasca) Div 1st"]
[Site "Bergara"]
[Date "2011.01.08"]
[Round "1.1"]
[White "Reinaldo Castineira, Roi"]
[Black "Arnaez Gil, Juan Ignacio"]
[Result "1-0"]
[WhiteElo "2497"]
[BlackElo "2217"]
[PlyCount "52"]
[EventDate "2011.01.08"]
[EventType "team-tourn"]
[EventRounds "9"]
[EventCountry "ESP"]
[SourceTitle "EXT 2024"]
[Source "ChessBase"]
[SourceDate "2023.10.10"]
[SourceVersion "1"]
[SourceVersionDate "2023.10.10"]
[SourceQuality "1"]

1. c4 Nf6 2. Nf3 c6 3. b3 d5 4. g3 g6 5. Bb2 Bg7 6. Bg2 0-0 7. 0-0 Bf5 8. d3 a5 9. Nbd2 Na6 10. a3 b5 11. Ne5 Qb6 12. Rb1 Rfd8 13. Ndf3 Ng4 14. Qc2 Nxe5 15. Nxe5 Bxe5 16. Bxe5 dxc4 17. bxc4 Qc5 18. Qb2 bxc4 19. Rfc1 f6 20. Bf4 Be6 21. dxc4 g5 22. Be3 Qd6 23. Qc3 Nc5 24. Qc2 Rab8 25. Rxb8 Rxb8 26. Rd1 Bf5 1-0